000
00280nam a22001337a 4500
003
SGT
082
_a
612.012
_b
B14K
100
_a
KRISHNAMURTI,M.S
245
_a
BASAVARAJEEYAM
260
_a
VARANASI
_b
CHAUKHAMBHA PUB
_c
2014
300
_a
761
650
_a
AYURVEDA
942
_2
ddc
_c
BK
999
_c
8616
_d
8616